La experiencia de la vicaria de la solidaridad del arzobispado de Santiago de Chile /

Bibliographic Details
Main Author: González P., Alejandro
Format: Analitica de revista
Language:Spanish

MARC

LEADER 00000cab a2200000 a 4500
001 036647
003 UAHC_CL
005 20170803124024.0
008 041203s1995 cl 000 spa
040 |a UAHC_CL  |c UAHC_CL  |d UAHC_CL 
100 1 |a González P., Alejandro 
245 1 3 |a La experiencia de la vicaria de la solidaridad del arzobispado de Santiago de Chile /  |c Alejandro González P. 
300 |a p. 153-165 
500 |a En: Persona y sociedad, 1995, vol.6, nû2 y 3, p.153-165. ISSN 0716-730X 
500 |a En: Persona y sociedad, 1995, vol.6, n°2 y 3, p.153-165. ISSN 0716-730X 
500 |a En: Persona y sociedad, 1995, vol.6, nç2 y 3, p.153-165. ISSN 0716-730X 
759 |a PP101 
773 0 |t Persona y sociedad : revista de ILADES.  |w 036604 
900 |a PERS. SOC.-02-03/90 
942 |c REVA 
952 |0 0  |1 0  |4 0  |6 PERS___SOC_0203_90_000000000000000  |7 0  |8 General  |9 69615  |a BC  |b BC  |c General  |d 2017-08-03  |l 0  |o PERS. SOC.-02-03/90  |p FICTICIO5162  |r 2019-01-08 00:00:00  |t 1  |w 2017-08-03  |y REVA 
999 |c 36647  |d 36647